Principles of condensed matter physics

Saved in:
Bibliografiske detaljer
Main Authors: Chaikin, P. M (Author), Lubensky, T. C (Author)
Format: Bog
Sprog:engelsk
Udgivet: Cambridge Cambridge University 2000
Fag:
Tags: Tilføj Tag
Ingen Tags, Vær først til at tagge denne postø!

MARC

LEADER 00000nam a2200000 a 4500
001 UCL8811
003 CL-VaPUC
008 040709e20000000uk |||||||||||||||||eng|d
020 |a 0521794501 
082 0 4 |a 530.41  |b CHA  |2 21 
100 0 |a Chaikin, P. M  |e author  |9 486743 
700 0 |a Lubensky, T. C  |e author  |9 486744 
245 1 0 |a Principles of condensed matter physics 
300 |a 699 p 
942 |c BK 
945 |d 20040709 00:00:00  |a cmena 
260 |a Cambridge  |b Cambridge University  |c 2000 
500 |a Proyecto Mecesup 
650 0 |a Estados de la Materia  |9 347141 
650 7 |a MATERIA CONDENSADA  |2 CL-VaPUC  |9 486745 
650 0 |a Física del estado solido  |9 315365 
583 |a last modification  |c 20130806 04:41:23  |k Rodrigo Vera 
999 |c 309918  |d 309916 
952 |0 0  |1 0  |4 0  |6 530_410000000000000_CHA_2000  |7 0  |8 A  |9 377781  |a BIBCUR  |b BIBCUR  |d 2019-11-21  |i 4034937  |o 530.41 CHA 2000  |p 4034937  |r 2025-04-22  |w 2019-11-21  |y BK  |k FIS